000 00680nam a2200241Ia 4500
003 OSt
005 20220925235927.0
006 a|||||r|||| 00| 0
007 ta
008 220923b |||||||| |||| 00| 0 eng d
020 _a8185930139
037 _cGeneral Book
040 _aRTL
_cRTL
_beng
041 _2eng
_aeng
082 _aX7297, P6;P7
100 _aPUROHIT Mahesh C
_9258180
245 0 _aValue Added Tax
_b Experiences of India and other countries
250 _a5th
260 _a New Delhi
_bGayatri Publications
_c2007
300 _axxi.292p
_ccm.
942 _hX7297, P6;P7
_cGB
_2CC
999 _c598180
_d598180